000 00434nam a2200193Ia 4500
005 20240823020443.0
008 240823s9999||||xx |||||||||||||| ||und||
020 _a81-7167-503-4
041 _aENGLISH
082 _A823 P2
100 _a"Dickens,Charles"
245 0 _aHard Times
250 _a1st
260 _c2002
_b"Rupa,New "
_aNew Delhi
500 _aYES
650 _aGeneral
_bGeneral
942 _cBK
999 _c174789
_d174789